Call me little sunshine lyrics by Ghost - Statistics

General Stats
  • This quiz has been taken 82 times
  • The average score is 186 of 232
Answer Stats
Lyrics % Correct
call
97%
I
97%
the
97%
me
94%
you
91%
in
88%
little
88%
middle
88%
night
88%
of
88%
sunshine
88%
alone
79%
out
79%
will
79%
can
76%
for
76%
hear
76%
never
76%
walk
76%
always
74%
ever
74%
just
74%
else
71%
reach
71%
see
71%
would
71%
all
68%
could
68%
day
68%
feel
68%
when
68%
and
65%
do
65%
how
65%
if
65%
cold
59%
from
59%
is
59%
save
59%
light
56%
to
56%
up
56%
hunter
53%
starlight
53%
you're
53%
ease
50%
gone
50%
prey
50%
dead
47%
even
47%
gotta
47%
transform
44%
Mephistopheles
41%
indefinitely
35%
fall
32%
No matching quizzes found
Score Distribution
Percent of People with Each Score
Percentile by Number Answered
Your Score History
You have not taken this quiz